000 00384nam a22001337a 4500
020 _a0761920137
040 _cNust
082 _a658.0072
_bGUM
100 _aEvert Gummesson
_9125009
245 _aQualitative methods in management research
260 _aLondon:
_bSage publications,Inc,
_c2000.
650 _aQualitative methods in management research
_9125010
942 _2ddc
_cBK
999 _c610773
_d610773